| 000 | 00383nam a22001577a 4500 | ||
|---|---|---|---|
| 003 | SGT | ||
| 020 | _a978-81-85731-84-1 | ||
| 082 |
_a612.015 _bB14D |
||
| 100 | _aDANDIYA, P.C & SHARMA, P.K | ||
| 245 | _aBIOCHEMISTRY AND CLINICAL PATHOLOGY | ||
| 250 | _a3RD | ||
| 260 |
_aNEW DELHI _bVALLABH. PUB _c2014 |
||
| 300 | _a344 | ||
| 650 | _aBIOCHEMISTRY & PATHOLOGY | ||
| 942 |
_2ddc _cBK _015 |
||
| 999 |
_c9620 _d9620 |
||